00966cam a2200349 4500003000900000005001700009020001500026035002700041035001800068035001800086041000700104044000700111082002100118100002900139245008000168264006000248300002800308504002700336505012200363526001000485526001000495526001000505526001000515526000800525526000800533526000800541526000800549526000800557526000800565526000800573630003500581PE-LiUPU20250731173020.0 a1565634314 a(Sirsi) i9781565634312 a(Sirsi) 24048 a(Sirsi) 24048 aen aus04a225.66bW57 18951 aWilder, Amos Nivend1895 aEarly Christian rhetori :bthe language of the gospel /cAmos Niven Wilder. 1aPeabody, Massachusetts :bHendrickson Publishers,c1999 a135 páginas ;c22 cm. aIncluye bibliografía0 aThe new utterance -- Modes and genres -- The dislogue -- The story -- The parable -- The poem -- Image, symbol, myth. aSEG42 aSEG41 aSEG40 aSEG39 aP94 aP87 aP86 aP85 aP77 aP76 aP35 aBibliapN.T.xLenguaje, estilo